000 00403nam a2200157Ia 4500
003 GCL
008 140319s9999 xx 000 0 eng d
040 _aGCL /
_cGCL
082 0 4 _aCH
_b333.9516
_bR W
100 1 _aRINARD, JUDITH E.
245 1 0 _aWORLDLIFE: MAKING A COMEBACK /
_cRINARD, JUDITH E.
260 _a[S.N] :
_bHACHETTE ،
_c1987
300 _a104 P
650 0 4 _aCHILDREN
942 _2ddc
_cBK
999 _c17033
_d17033